000 00598cam a22002053a 4500
001 35599
003 PGUSA
005 20140828083751.0
008 110317s2011||||xxu|||||s|||||000 | eng d
040 _aPGUSA
_beng
042 _adc
100 1 _aYellott, George,
_d1819-
245 1 4 _aThe Funny Philosophers :
_bOr, Wags and Sweethearts
_h[electronic resource] /
_cGeorge Yellott
260 _bProject Gutenberg,
_c2011
506 _aPublic domain in the USA.
516 _aElectronic text
830 0 _aProject Gutenberg
_v35599
856 4 0 _uhttp://www.gutenberg.org/ebooks/35599
942 _cEB
999 _c264854
_d264854